01734pab a2200193 454500008004000000100002000040245011000060260000900170300001500179362001200194520110700206650001501313650003101328773004401359908000601403909001001409999001701419952010401436180718b2003 xxu||||| |||| 00| 0 eng d aBhamrah, P.J.S. aWater resources management by conjunctive waters use, water harvesting and artificial recharge techniques c2003 ap.319-326. aJul-Sep aThis article deals with water resources' (surface and groundwater) volumetric assessments and estimates their utilisation in irrigational and domestic needs. It is a fact that the fresh and potable water, although renewable, is very limited. There is growing shortage of usable water world over and it is going to be a major issue of the present country. Over exploitation of groundwater has created a very dangerous situation of declining water tables causing failures/drying of tube wells and deepening of abstractin structures leading to higher costs of pumping systems. The result studies of few projects undertaken and recommendations for saving and conservation of water have been elaborated. It discusses measure's to over come the water crisis by developing a strategy with water security including conservation, saving and management so as to chanellise water from where it is plentiful to places, where it is deficient and scarce. It emphasises that efficient water management should be the main thrust for economic development because our country has plenty of water resources. - Reproduced. aHarvesting aWater resources management aIndian Journal of Public Administration aN a58575 c58575d58575 00104070aIIPAbIIPAd2018-07-19hVolume no: 49, Issue no: 3pAR59020r2018-07-19w2018-07-19yAR